| 000 | 00740cam a2200289L 4500 | ||
|---|---|---|---|
| 001 | 99375 | ||
| 005 | 20230410143204.0 | ||
| 008 | 091212s2006 enk 000 u eng d | ||
| 035 | _a(OCoLC)ocn481946481 | ||
| 040 |
_aDKDLA _bdan _cDKDLA |
||
| 020 | _a1845111818 | ||
| 020 | _a9781845111816 | ||
| 029 | 0 |
_aDKDLA _b34699656 |
|
| 029 | 1 |
_aDKDLA _b35360121 |
|
| 035 | _a(OCoLC)481946481 | ||
| 084 |
_a908 _2z |
||
| 084 |
_a962 _2z |
||
| 049 | _aGRAL | ||
| 050 | 1 | 4 | _abR643r 2006 |
| 100 | 1 | _aRoberts, Paul William. | |
| 245 | 1 | 0 |
_aRiver in the desert : _ba modern traveller in ancient Egypt. |
| 260 |
_aLondon : _bTauris Parke Paperbacks, _c2006. |
||
| 300 | _a394 s. | ||
| 942 |
_2lcc _cbk |
||
| 946 | _aMAT | ||
| 994 |
_aC0 _bDRFGD |
||
| 999 |
_c97382 _d97382 |
||